[Event "Tata Steel India Blitz w"]
[Site "Kolkata IND"]
[Date "2022.12.03"]
[Round "9.5"]
[White "Kiolbasa, Oliwia"]
[Black "Koneru, Humpy"]
[Result "0-1"]
[WhiteTitle "IM"]
[BlackTitle "GM"]
[WhiteElo "2410"]
[BlackElo "2572"]
[WhiteFideId "1154613"]
[BlackFideId "5008123"]
[EventDate "2022.12.03"]

1. e4 e5 2. Nf3 Nf6 3. Nxe5 d6 4. Nf3 Nxe4 5. Nc3 Nxc3 6. dxc3 Be7 7. Be3 O-O 8.
Qd2 Nd7 9. O-O-O Nf6 10. Bd3 Re8 11. Rhe1 Bg4 12. h3 Bxf3 13. gxf3 d5 14. Rg1
Qd6 15. Kb1 Bf8 16. Qc1 c5 17. c4 d4 18. Bf4 Qc6 19. Qd2 Qxf3 20. h4 Ne4 21.
Bxe4 Rxe4 22. Bg3 b6 23. Qg5 h6 24. Qd5 Rae8 25. a3 Qf6 26. h5 Qe6 27. Qb7 Qxc4
28. Qxa7 Re2 29. Rc1 d3 30. Qxb6 d2 31. Rcd1 Re1 32. Bh2 Rxg1 33. Bxg1 Re1 0-1

[Event "Tata Steel India Blitz w"]
[Site "Kolkata IND"]
[Date "2022.12.04"]
[Round "10.1"]
[White "Dzagnidze, Nana"]
[Black "Savitha, Shri B"]
[Result "1-0"]
[WhiteTitle "GM"]
[BlackTitle "WIM"]
[WhiteElo "2517"]
[BlackElo "2411"]
[WhiteFideId "13601903"]
[BlackFideId "35061887"]
[EventDate "2022.12.03"]

1. Nf3 Nf6 2. c4 g6 3. g3 Bg7 4. Bg2 c6 5. O-O d5 6. d4 O-O 7. a4 Ne4 8. e3 Na6
9. Nc3 Nxc3 10. bxc3 dxc4 11. Nd2 e5 12. Ba3 Re8 13. Nxc4 exd4 14. cxd4 c5 15.
dxc5 Bxa1 16. Qxa1 Qc7 17. Nd6 Rd8 18. Qf6 Be6 19. Bb2 Kf8 20. Nxb7 Rdb8 21. Be5
Qd7 22. Qh8+ 1-0

[Event "Tata Steel India Blitz w"]
[Site "Kolkata IND"]
[Date "2022.12.04"]
[Round "10.2"]
[White "Harika, Dronavalli"]
[Black "Vaishali, Rameshbabu"]
[Result "1/2-1/2"]
[WhiteTitle "GM"]
[BlackTitle "IM"]
[WhiteElo "2507"]
[BlackElo "2425"]
[WhiteFideId "5015197"]
[BlackFideId "5091756"]
[EventDate "2022.12.03"]

1. Nf3 Nf6 2. g3 b6 3. Bg2 Bb7 4. b3 g6 5. Bb2 Bg7 6. O-O c5 7. c4 O-O 8. e3 d5
9. cxd5 Nxd5 10. Bxg7 Kxg7 11. d4 cxd4 12. Qxd4+ Nf6 13. Qb2 Nd7 14. Rd1 Qc7 15.
Na3 Rad8 16. Rac1 Qb8 17. Nb5 Nc5 18. Qe5 a6 19. Qxb8 Rxb8 20. Nbd4 Rbc8 21. Ne5
Bxg2 22. Kxg2 a5 23. Nc4 Nfd7 24. Nb5 Rfd8 25. Kf3 Rb8 26. Ke2 Na6 27. Rd2 Kf8
28. Rcd1 Ke8 29. Na7 Ndc5 30. Nc6 Rxd2+ 31. Rxd2 Rc8 32. N6e5 Rb8 33. Nc6 Rc8
34. Na7 Rb8 35. Nc6 1/2-1/2

[Event "Tata Steel India Blitz w"]
[Site "Kolkata IND"]
[Date "2022.12.04"]
[Round "10.4"]
[White "Ushenina, Anna"]
[Black "Kiolbasa, Oliwia"]
[Result "1-0"]
[WhiteTitle "GM"]
[BlackTitle "IM"]
[WhiteElo "2454"]
[BlackElo "2410"]
[WhiteFideId "14110911"]
[BlackFideId "1154613"]
[EventDate "2022.12.03"]

1. d4 d5 2. c4 e6 3. Nc3 Nf6 4. Nf3 Nbd7 5. cxd5 exd5 6. Bf4 c6 7. h3 Be7 8. Qc2
Nf8 9. e3 Ng6 10. Bh2 O-O 11. Bd3 Re8 12. Ne5 Bd6 13. f4 Nd7 14. O-O Ngf8 15.
Rae1 f6 16. Nf3 b5 17. f5 Bxh2+ 18. Nxh2 Nb6 19. b3 a5 20. Qf2 Ba6 21. Ne2 Qd6
22. Nf4 c5 23. dxc5 Qxc5 24. Nf3 Nbd7 25. Nd4 Ne5 26. Be2 b4 27. Nfe6 Nxe6 28.
Nxe6 Qe7 29. Rc1 Rec8 30. Bxa6 Rxc1 31. Rxc1 Rxa6 32. Rc8+ Kf7 33. Qe2 Rxe6 34.
Qh5+ 1-0

[Event "Tata Steel India Blitz w"]
[Site "Kolkata IND"]
[Date "2022.12.04"]
[Round "10.5"]
[White "Koneru, Humpy"]
[Black "Muzychuk, Anna"]
[Result "1-0"]
[WhiteTitle "GM"]
[BlackTitle "GM"]
[WhiteElo "2572"]
[BlackElo "2522"]
[WhiteFideId "5008123"]
[BlackFideId "14111330"]
[EventDate "2022.12.03"]

1. Nf3 c5 2. b3 Nf6 3. Bb2 g6 4. c4 Bg7 5. g3 O-O 6. Bg2 Nc6 7. O-O b6 8. d4
cxd4 9. Nxd4 Bb7 10. Nc3 Rc8 11. Rc1 a6 12. e3 e6 13. Ba3 Re8 14. Bd6 Na5 15.
Qe2 Bxg2 16. Kxg2 Nb7 17. Ba3 Nc5 18. Rfd1 Qc7 19. Qf3 Red8 20. b4 Nb7 21. b5
axb5 22. Be7 Qe5 23. Qxb7 Rb8 24. Qf3 Re8 25. Bxf6 Bxf6 26. Ndxb5 Red8 27. Ne4
Bg7 28. Ned6 f5 29. Nb7 Rdc8 30. Rxd7 Ra8 31. N7d6 Rf8 32. a3 g5 33. Rd1 Kh8 34.
Nf7+ 1-0

[Event "Tata Steel India Blitz w"]
[Site "Kolkata IND"]
[Date "2022.12.04"]
[Round "11.1"]
[White "Kiolbasa, Oliwia"]
[Black "Harika, Dronavalli"]
[Result "0-1"]
[WhiteTitle "IM"]
[BlackTitle "GM"]
[WhiteElo "2410"]
[BlackElo "2507"]
[WhiteFideId "1154613"]
[BlackFideId "5015197"]
[EventDate "2022.12.03"]

1. e4 Nc6 2. Nf3 d6 3. d4 Nf6 4. Bd3 g6 5. O-O Bg7 6. c3 O-O 7. Re1 e5 8. h3 Re8
9. Nbd2 Nh5 10. d5 Ne7 11. Nf1 Rf8 12. c4 h6 13. b4 Nf4 14. Bxf4 exf4 15. Rc1 a5
16. b5 Re8 17. c5 g5 18. b6 cxb6 19. cxd6 Qxd6 20. Qb3 a4 21. Qc2 Bd7 22. N1d2
b5 23. e5 Qxd5 24. Be4 Qe6 25. Nd4 Qb6 26. N2f3 Rac8 27. Qd2 Be6 28. Bb1 Rxc1
29. Rxc1 Rd8 30. Qc2 Rxd4 31. Nxd4 Qxd4 32. Qh7+ Kf8 33. Rc7 f3 34. Rxe7 Qd1+
35. Kh2 Bxe5+ 36. g3 Kxe7 37. Qxh6 Qd2 0-1

[Event "Tata Steel India Blitz w"]
[Site "Kolkata IND"]
[Date "2022.12.04"]
[Round "11.2"]
[White "Muzychuk, Mariya"]
[Black "Muzychuk, Anna"]
[Result "1/2-1/2"]
[WhiteTitle "GM"]
[BlackTitle "GM"]
[WhiteElo "2523"]
[BlackElo "2522"]
[WhiteFideId "14114550"]
[BlackFideId "14111330"]
[EventDate "2022.12.03"]

1. e4 e5 2. Nf3 Nc6 3. Bc4 Nf6 4. d3 Be7 5. O-O O-O 6. Re1 d6 7. a4 Na5 8. Ba2
c5 9. c3 Nc6 10. h3 h6 11. Nbd2 a6 12. Nf1 Be6 13. Ne3 b5 14. Bd2 Bxa2 15. Rxa2
Qd7 16. Nf5 1/2-1/2

[Event "Tata Steel India Blitz w"]
[Site "Kolkata IND"]
[Date "2022.12.04"]
[Round "11.3"]
[White "Savitha, Shri B"]
[Black "Kulkarni, Bhakti"]
[Result "1-0"]
[WhiteTitle "WIM"]
[BlackTitle "IM"]
[WhiteElo "2411"]
[BlackElo "2319"]
[WhiteFideId "35061887"]
[BlackFideId "5019516"]
[EventDate "2022.12.03"]

1. e4 d6 2. d4 Nf6 3. Nc3 e5 4. Nf3 Nbd7 5. Bg5 Be7 6. Qd2 O-O 7. O-O-O c6 8.
dxe5 dxe5 9. h4 Qc7 10. Qe1 Bb4 11. Bd3 Re8 12. h5 h6 13. Be3 Nc5 14. Bxc5 Bxc5
15. Na4 Bf8 16. Nc3 b5 17. Nh4 Bb4 18. f3 Be6 19. g4 Nh7 20. Nf5 Bxa2 21. Qe3
Be6 22. Rhg1 Ng5 23. Be2 Qa5 24. Rd3 Bc4 25. Rd7 Bxe2 26. Qxe2 Qa1+ 27. Nb1 Rad8
28. Rgd1 Ne6 29. Rxd8 Rxd8 30. Rxd8+ Nxd8 31. Qd3 Ne6 32. Qd7 Qa6 33. Qe8+ Nf8
34. Qxe5 Ne6 35. Qb8+ Kh7 36. Qe8 Bc5 37. Qxf7 Qa5 38. c3 b4 39. Qxe6 bxc3 40.
Qg6+ Kg8 41. Qxg7# 1-0

[Event "Tata Steel India Blitz w"]
[Site "Kolkata IND"]
[Date "2022.12.04"]
[Round "11.4"]
[White "Vaishali, Rameshbabu"]
[Black "Dzagnidze, Nana"]
[Result "1-0"]
[WhiteTitle "IM"]
[BlackTitle "GM"]
[WhiteElo "2425"]
[BlackElo "2517"]
[WhiteFideId "5091756"]
[BlackFideId "13601903"]
[EventDate "2022.12.03"]

1. Nf3 Nf6 2. g3 d5 3. Bg2 c6 4. O-O Bg4 5. c4 e6 6. d3 Nbd7 7. Qb3 Qb6 8. Be3
Qxb3 9. axb3 a6 10. h3 Bh5 11. g4 Bg6 12. Nh4 Be7 13. Nxg6 hxg6 14. f4 Bc5 15.
Bxc5 Nxc5 16. Nd2 Ke7 17. b4 Ncd7 18. Nb3 Rac8 19. Rfc1 Nb6 20. Kf2 Rhd8 21. Rc2
dxc4 22. dxc4 Rc7 23. Nc5 Nc8 24. e3 Nd7 25. Nb3 Nd6 26. Ke2 Nf6 27. Nc5 Nd7 28.
Nd3 c5 29. bxc5 Nxc5 30. Nxc5 Rxc5 31. Rac1 a5 32. b3 b6 33. Rd2 f6 34. Rcd1 g5
35. Bf3 Rcc8 36. Rd4 Nf7 37. Bb7 Rb8 38. Bc6 gxf4 39. Rd7+ Kf8 40. exf4 Rbc8 41.
Bb5 Rb8 42. Ke3 g5 43. R1d2 Kg7 44. fxg5 fxg5 45. Ra7 Rxd2 46. Kxd2 Rd8+ 47. Ke3
Kf6 48. Rb7 Rd6 49. Rb8 Ne5 50. Rf8+ Ke7 51. Re8+ Kf7 52. Rb8 Ng6 53. Ke4 Kf6
54. Rb7 Ne7 55. Rc7 Ng6 56. Be8 Ne7 57. Rb7 e5 58. Bb5 Rd4+ 59. Ke3 Rd6 60. Ke4
Rd4+ 61. Ke3 Rd6 62. Be8 Ke6 63. Bb5 Ng6 64. Rh7 Kf6 65. Ke4 Rd4+ 66. Ke3 Nf4
67. Rh6+ Ke7 68. Rxb6 Nxh3 69. c5 Rb4 70. Rb7+ Kd8 71. c6 Nf4 72. Rd7+ Ke8 73.
c7 Rxb5 74. c8=Q# 1-0

[Event "Tata Steel India Blitz w"]
[Site "Kolkata IND"]
[Date "2022.12.04"]
[Round "11.5"]
[White "Ushenina, Anna"]
[Black "Koneru, Humpy"]
[Result "1/2-1/2"]
[WhiteTitle "GM"]
[BlackTitle "GM"]
[WhiteElo "2454"]
[BlackElo "2572"]
[WhiteFideId "14110911"]
[BlackFideId "5008123"]
[EventDate "2022.12.03"]

1. d4 Nf6 2. c4 e6 3. Nf3 d5 4. Nc3 Nbd7 5. cxd5 exd5 6. Bf4 Bb4 7. Qc2 O-O 8.
e3 c5 9. Bd3 c4 10. Bf5 g6 11. Bh3 Ne4 12. Bh6 Re8 13. O-O Bxc3 14. bxc3 g5 15.
Bxd7 Bxd7 16. Ne5 Bf5 17. f3 Ng3 18. e4 Nxf1 19. Rxf1 Bg6 20. Qd2 f6 21. Ng4 Bh5
22. e5 Bxg4 23. fxg4 fxe5 24. Bxg5 Qd7 25. Bf6 Qxg4 26. Rf3 Qe4 27. Qh6 Qb1+ 28.
Kf2 Qc2+ 29. Kg1 Qb1+ 30. Kf2 Qc2+ 31. Kg1 Qb1+ 1/2-1/2

[Event "Tata Steel India Blitz w"]
[Site "Kolkata IND"]
[Date "2022.12.04"]
[Round "12.1"]
[White "Kulkarni, Bhakti"]
[Black "Vaishali, Rameshbabu"]
[Result "0-1"]
[WhiteTitle "IM"]
[BlackTitle "IM"]
[WhiteElo "2319"]
[BlackElo "2425"]
[WhiteFideId "5019516"]
[BlackFideId "5091756"]
[EventDate "2022.12.03"]

1. d4 Nf6 2. Nf3 g6 3. Nc3 d5 4. Bf4 Bg7 5. Nb5 Na6 6. e3 O-O 7. h3 Ne4 8. Nd2
Nxd2 9. Qxd2 c6 10. Nc3 Nc7 11. Bd3 f6 12. h4 e5 13. Bg3 Ne6 14. h5 e4 15. Be2
a5 16. hxg6 hxg6 17. f3 f5 18. fxe4 fxe4 19. Bh4 Qd6 20. O-O-O b5 21. Rdf1 Bd7
22. Qe1 b4 23. Nd1 c5 24. Bg3 Qe7 25. Be5 cxd4 26. exd4 Qg5+ 27. Kb1 Nxd4 28.
Nf2 0-1

[Event "Tata Steel India Blitz w"]
[Site "Kolkata IND"]
[Date "2022.12.04"]
[Round "12.2"]
[White "Dzagnidze, Nana"]
[Black "Kiolbasa, Oliwia"]
[Result "1-0"]
[WhiteTitle "GM"]
[BlackTitle "IM"]
[WhiteElo "2517"]
[BlackElo "2410"]
[WhiteFideId "13601903"]
[BlackFideId "1154613"]
[EventDate "2022.12.03"]

1. c4 e6 2. Nf3 d5 3. b3 Nf6 4. Bb2 c5 5. cxd5 exd5 6. g3 Nc6 7. Bg2 d4 8. O-O
Be7 9. Na3 O-O 10. e3 dxe3 11. dxe3 Bf5 12. Nc4 Qc7 13. Nfe5 Rfd8 14. Qe2 Nb4
15. Rfd1 Rxd1+ 16. Rxd1 Rd8 17. a3 Rxd1+ 18. Qxd1 Na6 19. g4 Be6 20. g5 Ne8 21.
h4 b5 22. Nd2 Bd6 23. f4 c4 24. bxc4 bxc4 25. Qc2 Qa5 26. Nexc4 Qc5 27. Bd4 Qc7
28. Qc3 Nc5 29. Nxd6 Qxd6 30. Qxc5 Qd7 31. Ne4 Qa4 32. Kf2 Qb3 33. Qc6 Qa2+ 34.
Kg3 1-0

[Event "Tata Steel India Blitz w"]
[Site "Kolkata IND"]
[Date "2022.12.04"]
[Round "12.3"]
[White "Harika, Dronavalli"]
[Black "Ushenina, Anna"]
[Result "1-0"]
[WhiteTitle "GM"]
[BlackTitle "GM"]
[WhiteElo "2507"]
[BlackElo "2454"]
[WhiteFideId "5015197"]
[BlackFideId "14110911"]
[EventDate "2022.12.03"]

1. c4 e6 2. g3 d5 3. Bg2 dxc4 4. Qa4+ c6 5. Qxc4 c5 6. Nf3 Bd7 7. O-O Bc6 8. Nc3
Nd7 9. e4 Rc8 10. Qe2 Ngf6 11. d4 cxd4 12. Nxd4 Ne5 13. Nxc6 Nxc6 14. Rd1 Nd4
15. Qf1 e5 16. Be3 Bc5 17. Bxd4 Bxd4 18. Nb5 O-O 19. Nxd4 exd4 20. e5 Ng4 21.
Qe2 Qg5 22. Bh3 h5 23. Bxg4 Qxg4 24. Qxg4 hxg4 25. Rxd4 Rc2 26. b3 Re8 27. Rxg4
Rxe5 28. Rf4 Ree2 29. Rd1 Re7 30. Ra4 a6 31. Rd3 g6 32. h4 Kg7 33. Rf3 Rb2 34.
Kg2 Rc2 35. a3 Ra2 36. Ra5 Re6 37. b4 Rd6 38. Re5 Rf6 39. Rxf6 Kxf6 40. Re3 b6
41. g4 a5 42. bxa5 bxa5 43. Kg3 a4 44. f3 Kg7 45. Kf4 Rb2 46. Re4 Rh2 47. Kg3
Rh1 48. Rxa4 Rg1+ 49. Kf2 Rh1 50. g5 Ra1 51. Kg3 Ra2 52. Kf4 Rb2 53. Ke3 Rb3+
54. Ke4 Rc3 55. f4 Rh3 56. Ra8 Rxh4 57. a4 Rh3 58. a5 Ra3 59. a6 Ra2 60. Kd5 Re2
61. Kc5 Re4 62. Rd8 Rxf4 63. a7 Ra4 64. a8=Q Rxa8 65. Rxa8 f5 66. gxf6+ Kxf6 67.
Kd4 1-0

[Event "Tata Steel India Blitz w"]
[Site "Kolkata IND"]
[Date "2022.12.04"]
[Round "12.4"]
[White "Koneru, Humpy"]
[Black "Muzychuk, Mariya"]
[Result "1-0"]
[WhiteTitle "GM"]
[BlackTitle "GM"]
[WhiteElo "2572"]
[BlackElo "2523"]
[WhiteFideId "5008123"]
[BlackFideId "14114550"]
[EventDate "2022.12.03"]

1. d4 Nf6 2. c4 e6 3. Nf3 d5 4. Nc3 c6 5. Bg5 h6 6. Bh4 dxc4 7. e4 g5 8. Bg3 b5
9. Be2 Bg7 10. h3 b4 11. e5 bxc3 12. exf6 Bxf6 13. bxc3 Nd7 14. Bxc4 c5 15. O-O
cxd4 16. Nxd4 O-O 17. Qf3 Nb6 18. Bd3 Bxd4 19. cxd4 Bd7 20. Qh5 f5 21. Qg6+ Kh8
22. Be5+ 1-0

[Event "Tata Steel India Blitz w"]
[Site "Kolkata IND"]
[Date "2022.12.04"]
[Round "12.5"]
[White "Muzychuk, Anna"]
[Black "Savitha, Shri B"]
[Result "1-0"]
[WhiteTitle "GM"]
[BlackTitle "WIM"]
[WhiteElo "2522"]
[BlackElo "2411"]
[WhiteFideId "14111330"]
[BlackFideId "35061887"]
[EventDate "2022.12.03"]

1. f4 Nf6 2. Nf3 d5 3. g3 c5 4. Bg2 Nc6 5. O-O e6 6. d3 Qb6 7. Qe1 c4+ 8. Kh1
cxd3 9. cxd3 Bb4 10. Bd2 Ng4 11. e4 dxe4 12. dxe4 O-O 13. Nc3 Rd8 14. h3 Bxc3
15. Bxc3 Ne3 16. Qe2 Nxf1 17. Rxf1 Bd7 18. Nh4 Ne7 19. Qh5 Qb5 20. f5 exf5 21.
exf5 Bc6 22. Rf4 Bxg2+ 23. Nxg2 Qc6 24. Bxg7 Kxg7 25. f6+ Kh8 26. fxe7 Rd6 27.
Rxf7 Qc1+ 28. Kh2 Qh6 29. Qxh6 Rxh6 30. Rf8+ Kg7 31. Rxa8 1-0

[Event "Tata Steel India Blitz w"]
[Site "Kolkata IND"]
[Date "2022.12.04"]
[Round "13.1"]
[White "Vaishali, Rameshbabu"]
[Black "Muzychuk, Anna"]
[Result "0-1"]
[WhiteTitle "IM"]
[BlackTitle "GM"]
[WhiteElo "2425"]
[BlackElo "2522"]
[WhiteFideId "5091756"]
[BlackFideId "14111330"]
[EventDate "2022.12.03"]

1. Nf3 d5 2. g3 g6 3. Bg2 Bg7 4. d4 Nf6 5. c4 c6 6. O-O O-O 7. a4 a5 8. Na3 Na6
9. cxd5 cxd5 10. Qb3 Nb4 11. Bd2 Nc6 12. Nb5 Bf5 13. Rac1 Rc8 14. Bf4 Nh5 15.
Be3 Nf6 16. h3 Be4 17. Bf4 Qb6 18. Be3 Rfd8 19. Ne5 Bxg2 20. Kxg2 Ne4 21. Rfd1
e6 22. f3 Nd6 23. Rc2 Nxb5 24. axb5 Nb4 25. Rxc8 Rxc8 26. Nd3 Qxb5 27. Nxb4
Qxe2+ 28. Bf2 axb4 29. Re1 Qc4 30. Qe3 Qa2 31. Re2 Qb1 32. Qb3 Rc4 33. Qa4 Bxd4
34. Bxd4 Rxd4 35. Qe8+ Kg7 36. Qb8 Qf5 37. g4 Qf4 38. Qxb7 Rd2 39. Rxd2 Qxd2+
40. Kg3 Qxb2 41. Qc7 Qc3 42. Qa5 Qe5+ 43. Kg2 b3 44. Qb5 b2 45. h4 Qc3 46. Kg3
Qe1+ 47. Kf4 b1=Q 0-1

[Event "Tata Steel India Blitz w"]
[Site "Kolkata IND"]
[Date "2022.12.04"]
[Round "13.2"]
[White "Savitha, Shri B"]
[Black "Muzychuk, Mariya"]
[Result "0-1"]
[WhiteTitle "WIM"]
[BlackTitle "GM"]
[WhiteElo "2411"]
[BlackElo "2523"]
[WhiteFideId "35061887"]
[BlackFideId "14114550"]
[EventDate "2022.12.03"]

1. e4 c5 2. Nf3 e6 3. d4 cxd4 4. Nxd4 Nf6 5. Bd3 Nc6 6. Nxc6 bxc6 7. O-O d5 8.
exd5 cxd5 9. c4 Be7 10. cxd5 Nxd5 11. Bb5+ Bd7 12. Bxd7+ Qxd7 13. Nc3 Nxc3 14.
Qxd7+ Kxd7 15. bxc3 Rhc8 16. Be3 Bf6 17. Rab1 Rc7 18. c4 Rac8 19. c5 Be7 20. Bd4
f6 21. Rfd1 Ke8 22. c6 a6 23. h4 Rxc6 24. Rb2 Rc2 25. Rd2 Rxd2 26. Rxd2 Rd8 27.
Kf1 e5 28. Be3 Rxd2 29. Bxd2 Kd7 30. Ke2 Ke6 31. Kd3 Kd5 32. f3 f5 33. h5 g6 34.
hxg6 hxg6 35. Bc3 Bc5 36. Bb2 Bd4 37. Ba3 e4+ 38. fxe4+ fxe4+ 39. Ke2 Kc4 40.
Be7 Kc3 41. g4 a5 42. Bd8 a4 43. Be7 Kc4 44. Bf8 Kc3 45. Be7 Kb2 46. a3 Kb3 47.
g5 Kc4 48. Bf8 Bc5 49. Bg7 Bxa3 50. Ke3 Kd5 51. Ba1 Bc5+ 52. Ke2 Be7 0-1

[Event "Tata Steel India Blitz w"]
[Site "Kolkata IND"]
[Date "2022.12.04"]
[Round "13.3"]
[White "Kiolbasa, Oliwia"]
[Black "Kulkarni, Bhakti"]
[Result "1-0"]
[WhiteTitle "IM"]
[BlackTitle "IM"]
[WhiteElo "2410"]
[BlackElo "2319"]
[WhiteFideId "1154613"]
[BlackFideId "5019516"]
[EventDate "2022.12.03"]

1. e4 d6 2. d4 Nf6 3. Bd3 e5 4. Nf3 Nbd7 5. O-O Be7 6. c3 O-O 7. Re1 Re8 8. Nbd2
c6 9. a4 Qc7 10. Nf1 Nf8 11. Ng3 g6 12. a5 Ne6 13. Bc4 Rb8 14. Ng5 Nxg5 15. Bxg5
b5 16. axb6 axb6 17. Qb3 d5 18. exd5 cxd5 19. Bb5 Bd7 20. dxe5 Ng4 21. Bf4 Qc5
22. Bxd7 Qxf2+ 23. Kh1 Qxf4 24. Bxg4 Qxg4 25. Qxd5 Rbd8 26. Qe4 Qe6 27. Rad1 h5
28. Ne2 Bh4 29. Qxh4 Rxd1 30. Rxd1 Qxe5 31. Nd4 Kg7 32. Qf2 b5 33. Rf1 f5 34.
Nf3 Qe4 35. Qd4+ Kh6 36. Qxe4 fxe4 37. Nd4 e3 38. Kg1 Re5 39. Re1 g5 40. Nc2 e2
41. Nd4 1-0

[Event "Tata Steel India Blitz w"]
[Site "Kolkata IND"]
[Date "2022.12.04"]
[Round "13.4"]
[White "Ushenina, Anna"]
[Black "Dzagnidze, Nana"]
[Result "1-0"]
[WhiteTitle "GM"]
[BlackTitle "GM"]
[WhiteElo "2454"]
[BlackElo "2517"]
[WhiteFideId "14110911"]
[BlackFideId "13601903"]
[EventDate "2022.12.03"]

1. d4 e6 2. c4 d5 3. Nc3 Nf6 4. Nf3 c6 5. g3 Nbd7 6. Bg2 dxc4 7. O-O Be7 8. a4
O-O 9. a5 Bb4 10. Qa4 Qe7 11. Na2 Bd6 12. Qxc4 e5 13. Nc3 exd4 14. Nxd4 Ne5 15.
Qb3 a6 16. Rd1 Bc7 17. Qc2 Rd8 18. h3 h6 19. f4 Nc4 20. e4 Bxa5 21. e5 Nd5 22.
Nxd5 cxd5 23. b3 Bb6 24. bxc4 dxc4 25. Be3 Be6 26. Kh2 Rab8 27. Rab1 Bxd4 28.
Bxd4 b5 29. f5 Bd5 30. f6 Qe6 31. Ba7 Ra8 32. Bd4 Rab8 33. fxg7 Bxg2 34. Qxg2 b4
35. Qe4 c3 36. Rf1 Qc4 37. e6 Qxe6 38. Qxe6 fxe6 39. Rf4 c2 40. Rbf1 Rxd4 41.
Rxd4 b3 42. Rc4 b2 43. Rxc2 b1=Q 44. Rc8+ 1-0

[Event "Tata Steel India Blitz w"]
[Site "Kolkata IND"]
[Date "2022.12.04"]
[Round "13.5"]
[White "Harika, Dronavalli"]
[Black "Koneru, Humpy"]
[Result "1/2-1/2"]
[WhiteTitle "GM"]
[BlackTitle "GM"]
[WhiteElo "2507"]
[BlackElo "2572"]
[WhiteFideId "5015197"]
[BlackFideId "5008123"]
[EventDate "2022.12.03"]

1. c4 Nf6 2. g3 e6 3. Bg2 Be7 4. Nf3 b6 5. Ne5 c6 6. O-O O-O 7. d4 Bb7 8. Nc3 d6
9. Nd3 d5 10. cxd5 cxd5 11. Bf4 Nc6 12. Ne5 Nh5 13. Nxc6 Bxc6 14. Bd2 Nf6 15.
Bf4 Nh5 16. Bd2 Nf6 17. Bf4 Nh5 1/2-1/2

[Event "Tata Steel India Blitz w"]
[Site "Kolkata IND"]
[Date "2022.12.04"]
[Round "14.1"]
[White "Koneru, Humpy"]
[Black "Savitha, Shri B"]
[Result "0-1"]
[WhiteTitle "GM"]
[BlackTitle "WIM"]
[WhiteElo "2572"]
[BlackElo "2411"]
[WhiteFideId "5008123"]
[BlackFideId "35061887"]
[EventDate "2022.12.03"]

1. Nf3 Nf6 2. b3 g6 3. Bb2 Bg7 4. g3 d6 5. d4 O-O 6. Bg2 Nbd7 7. c4 c6 8. O-O
Qc7 9. Nc3 Rd8 10. e4 e5 11. Qc2 a5 12. Rad1 exd4 13. Nxd4 Nc5 14. h3 Ne6 15.
Nde2 b6 16. f4 Nc5 17. Kh2 Bb7 18. Nd4 Re8 19. Rfe1 Rad8 20. a3 Ne6 21. Nf3 Nc5
22. Nd2 Qb8 23. b4 axb4 24. axb4 Na6 25. b5 cxb5 26. Nxb5 Nc5 27. e5 dxe5 28.
Bxe5 Qc8 29. Nd6 Rxd6 30. Bxd6 Bxg2 31. Kxg2 Qc6+ 32. Nf3 Rxe1 33. Rxe1 Qxd6 34.
Qe2 Nfe4 0-1

[Event "Tata Steel India Blitz w"]
[Site "Kolkata IND"]
[Date "2022.12.04"]
[Round "14.2"]
[White "Dzagnidze, Nana"]
[Black "Harika, Dronavalli"]
[Result "1-0"]
[WhiteTitle "GM"]
[BlackTitle "GM"]
[WhiteElo "2517"]
[BlackElo "2507"]
[WhiteFideId "13601903"]
[BlackFideId "5015197"]
[EventDate "2022.12.03"]

1. d4 g6 2. g3 Bg7 3. Bg2 d6 4. c4 Nd7 5. Nc3 e5 6. Nf3 Ne7 7. O-O O-O 8. e3 f5
9. c5 h6 10. cxd6 cxd6 11. dxe5 dxe5 12. b3 Kh7 13. Ba3 Bf6 14. Rc1 Qa5 15. Qd6
Rf7 16. Rfd1 e4 17. Nd4 Be5 18. Qe6 Rg7 19. Bxe7 Bxd4 20. exd4 Nc5 21. Qe5 Nxb3
22. axb3 Qxe5 23. dxe5 Rxe7 24. Nd5 Rxe5 25. Rc7+ Kg8 26. Nf6+ Kf8 27. Rd8+ 1-0

[Event "Tata Steel India Blitz w"]
[Site "Kolkata IND"]
[Date "2022.12.04"]
[Round "14.3"]
[White "Muzychuk, Mariya"]
[Black "Vaishali, Rameshbabu"]
[Result "1/2-1/2"]
[WhiteTitle "GM"]
[BlackTitle "IM"]
[WhiteElo "2523"]
[BlackElo "2425"]
[WhiteFideId "14114550"]
[BlackFideId "5091756"]
[EventDate "2022.12.03"]

1. e4 e5 2. Nf3 Nc6 3. Bc4 Nf6 4. d3 Bc5 5. O-O a6 6. c3 d6 7. a4 h6 8. Re1 Ba7
9. Nbd2 O-O 10. Nf1 Be6 11. Ng3 a5 12. Bb5 Ne7 13. d4 Ng6 14. h3 c6 15. Bd3 Re8
16. Be3 Nh7 17. Qc2 Nh4 18. Nxh4 Qxh4 19. d5 Bd7 20. Bxa7 Rxa7 21. Qe2 Ng5 22.
Qe3 c5 23. Bb5 b6 24. Bxd7 Rxd7 25. Nf5 Qh5 26. h4 Nh7 27. Qh3 Rdd8 28. f3 Qg6
29. Kf2 Qf6 30. g4 Rb8 31. c4 Nf8 32. Rg1 Qd8 33. g5 h5 34. Ng3 g6 35. Ne2 Qc8
36. Qxc8 Rexc8 37. b3 Nd7 38. Nc3 Kf8 39. Nb5 Ke7 40. Ke3 Ra8 41. Rg2 Rf8 42.
Rag1 Rg8 43. Rg3 Rgf8 44. R3g2 Rg8 45. Rg3 1/2-1/2

[Event "Tata Steel India Blitz w"]
[Site "Kolkata IND"]
[Date "2022.12.04"]
[Round "14.4"]
[White "Kulkarni, Bhakti"]
[Black "Ushenina, Anna"]
[Result "1/2-1/2"]
[WhiteTitle "IM"]
[BlackTitle "GM"]
[WhiteElo "2319"]
[BlackElo "2454"]
[WhiteFideId "5019516"]
[BlackFideId "14110911"]
[EventDate "2022.12.03"]

1. d4 d5 2. c4 dxc4 3. Nf3 Nf6 4. e3 e6 5. Bxc4 c5 6. O-O Nc6 7. Nc3 a6 8. dxc5
Qxd1 9. Rxd1 Bxc5 10. a3 O-O 11. b4 Be7 12. Bb2 Bd7 13. Rac1 Rfd8 14. Bb3 Be8
15. Na4 Rxd1+ 16. Rxd1 b5 17. Nc5 a5 18. Ne5 axb4 19. Nxc6 Bxc6 20. axb4 Nd5 21.
Bxd5 Bxd5 22. Ra1 Rc8 23. Bd4 f6 24. Ra7 Bf8 25. f4 Re8 26. Kf2 Bc4 27. g3 h6
28. Ra6 e5 29. fxe5 fxe5 30. Bc3 Bxc5 31. bxc5 Rc8 32. Bxe5 Rxc5 1/2-1/2